Представление документа в формате RUSMARC

ПолеНазваниеЗначение
  Тип записи a
  Библиографический уровень m
001 Контрольный номер 5d1cfcff06e643908863b97cfe74d380
005 Дата корректировки 20260619141103.6
010 Индекс ISBN __
a ISBN 978-5-206-00448-9
9 Тираж 1000 экз.
100 Данные общей обработки __
a Данные общей обработки 20260618d2026 m y0rusy028902 ca
101 Язык документа 0_
a Язык текста rus
102 Страна публикации __
a Страна публикации RU
105 Кодированные данные (монография) __
a Кодированные данные (монография) a z 000zy
181 Поле кодированных данных: вид содержания _0
a Код вида содержания (ISBD) i
182 Поле кодированных данных: тип средства _0
a Код типа средства (ISBD) n
200 Заглавие и сведения об ответственности 1_
a Заглавие Креативщики
e Сведения, относящиеся к заглавию как работать с творческими людьми и не сойти с ума
f Первые сведения об ответственности Пётр Губанов
g Последующие сведения об ответственности с комиксами Duran'a
203 Вид содержания и тип средства __
a Вид содержания Текст
c Тип средства непосредственный
210 Выходные данные 1_
a Место издания Москва
c Издательство Альпина ПРО
d Дата издания 2026
215 Физическое описание __
a Объем 345, [1] с.
c Иллюстрации/тип воспроизводства ил.
d Формат 21 см
300 Общие примечания __
a Общие примечания Содержит ссылки по QR-кодам на дополнительные материалы
300 Общие примечания __
a Общие примечания Содержит нецензурную брань
320 Библиография __
a Библиография Библиография: с. 343-[344] (18 названий)
330 Аннотация __
a Аннотация Честная, живая и практичная книга о том, как выстраивать карьеру, управлять идеями и находить общий язык с творческими людьми. Только реальные истории, рабочие советы и инструменты, которые помогут не выгорать, а развиваться в креативной индустрии. Подходит тем, кто начинает путь, и тем, кто уже ведёт за собой других. Эксклюзивный комикс от Duran’a внутри.
333 Примечание о целевом назначении __
a Примечание о целевом назначении 18+. Запрещено для детей
540 Дополнительное заглавие, сделанное каталогизатором 10
a Дополнительное заглавие, сделанное каталогизатором Как работать с творческими людьми и не сойти с ума
606 Тематические рубрики __
2 Код системы nlr_sh
a Основная рубрика Экономика
606 Тематические рубрики __
2 Код системы nlr_sh
a Основная рубрика Бизнес. Предпринимательство
610 Ключевые слова 0_
a Ключевые слова бизнес
610 Ключевые слова 0_
a Ключевые слова управление бизнесом
610 Ключевые слова 0_
a Ключевые слова карьера
610 Ключевые слова 0_
a Ключевые слова творческие профессии
610 Ключевые слова 0_
a Ключевые слова творческие коллективы
610 Ключевые слова 0_
a Ключевые слова креативная индустрия
610 Ключевые слова 0_
a Ключевые слова выгорание
686 Индексы других классификаций __
2 Код системы rubbks
a Классификационный индекс 65.290
700 Автор _1
a Фамилия Губанов
b Имя П.
g Полное личное имя Петр
4 Код отношения 070
702 Вторичная интеллектуальная ответственность _1
a Фамилия Раднаев
c Титул (звания) Duran
c Титул (звания) Дюран
f Даты 1986-
g Полное личное имя Баир Батожабович
4 Код отношения 440
790 Имя лица - альтернативная форма _0
a Имя лица - альтернативная форма Duran
c Титул (звания) Раднаев, Баир Батожабович
c Титул (звания) Дюран
f Даты 1986-
790 Имя лица - альтернативная форма _0
a Имя лица - альтернативная форма Дюран
c Титул (звания) Раднаев, Баир Батожабович
c Титул (звания) Duran
f Даты 1986-
801 Источник записи _0
a Страна RU
b Организация Муниципальное бюджетное учреждение культуры "Централизованная библиотечная система" г. Сургут (Центральная городская библиотека им. А. С. Пушкина)
g Правила каталогизации PSBO
c Дата составления 20260619
801 Источник записи _1
a Страна RU
b Организация Муниципальное бюджетное учреждение культуры "Централизованная библиотечная система" г. Сургут (Центральная городская библиотека им. А. С. Пушкина)
g Правила каталогизации PSBO
c Дата составления 20260619
852 Данные о местонахождении __
i Авторский знак Г 93
j Шифр хранения 65.290
901 Тип документа __
t Тип документа m
a Ответственный КиК/Обаева
901 Тип документа __
a Ответственный без партии
903 Характеристики (МАРС) __
c Наименование библиотеки (МАРС) Муниципальное бюджетное учреждение культуры "Централизованная библиотечная система" г. Сургут (Центральная городская библиотека им. А. С. Пушкина)
a Дата передачи 20260619
969 Тип издания __
a Тип издания Ф 26
a Тип издания популярное издание